Fast Typing: Common Pets - Statistics

General Stats
  • This quiz has been taken 28 times
  • The average score is 9 of 23
Answer Stats
Common Pets % Correct
Cat
100%
Dog
100%
Fish
77%
Hamster
64%
Snake
64%
Mouse
59%
Parrot
59%
Rabbit
50%
Rat
50%
Horse
45%
Lizard
41%
Pig
41%
Chicken
32%
Gerbil
32%
Ferret
23%
Guinea Pig
23%
Turtle
23%
Canary
18%
Hermit Crab
9%
Tarantula
9%
Tortoise
9%
Cockatiel
0%
Parakeet
0%
No matching quizzes found
Score Distribution
Percent of People with Each Score
Percentile by Number Answered
Your Score History
You have not taken this quiz